Normal view
MARC view
Entry Personal Name
001 - CONTROL NUMBER
- control field: 161541
003 - CONTROL NUMBER IDENTIFIER
- control field: OSt
005 - DATE AND TIME OF LATEST TRANSACTION
- control field: 20220923211819.0
008 - FIXED-LENGTH DATA ELEMENTS
- fixed length control field: 220923|| aca||aabn | a|a d
040 ## - CATALOGING SOURCE
- Original cataloging agency: OSt
- Transcribing agency: OSt
100 ## - HEADING--PERSONAL NAME
- Personal name: गोविन्द प्रसाद; शास्त्र, उमेशानन्द, संपा
670 ## - SOURCE DATA FOUND
- Source citation: Work cat.: (OSt)303904: गोविन्द प्रसाद; शास्त्र, उमेशानन्द, संपा., बृहदारण्यकोपनिषत्, 1979
